| 000 | 00536nam a2200097Ia 4500 | ||
|---|---|---|---|
| 008 | 180130s9999 xx 000 0 und d | ||
| 245 |
_cLindsay, William R.; Jahoda, Andrew J.; Willner, Paul; Taylor, John L. _aAdapting psychological therapies for people with intellectual disabilities I: assessment and cognitive deficit considerations |
||
| 260 | _c2013 | ||
| 300 | _aBook title: Psychological therapies for adults with intellectual disabilities--Acession number C20702; pages 69-84 | ||
| 650 | _aPEOPLE WITH MENTAL DISABILITIES--PSYCHOLOGY | ||
| 999 |
_c353893 _d353893 |
||